000 00856cab a2200253 4500
001 ABS55084
008 090401t1996 xxu||||| |||| 00| 0 eng d
035 _a(Sirsi) u14071
041 _aeng
100 _aShah, V.
245 _aAgents must now collect tax
260 _c1996
350 _a0
490 _aProperty Week
_v55(3) 18 April 1996, 30-31(2)
520 _aExplains the new scheme for taxing the rental income of non-UK resident landlords which started on 6 April 1996 and the need for property agents to register with the Inland Revenue`s Financial Intermediaries and Claims Office (FICO).
650 _aFINANCIAL INTERMEDIARIES AND CLAIMS OFFICE
650 _aNON-UK RESIDENT LANDLORDS
650 _aPROPERTY AGENTS
650 _aRENTAL INCOME
690 _aTAXATION
700 _aMalde, D.
942 _n0
948 _c04/03/1997
999 _c9123
_d9123